Central Library OPAC University of Rajshahi

A German and English glossary of geographical terms / (Record no. 69103)

MARC details
000 -LEADER
fixed length control field 00920nam a2200265 a 4500
001 - CONTROL NUMBER
control field 69103
003 - CONTROL NUMBER IDENTIFIER
rucl marc code BD-RjUL
005 - DATE AND TIME OF LATEST TRANSACTION
control field 20211209081841.0
008 - FIXED-LENGTH DATA ELEMENTS--GENERAL INFORMATION
fixed length control field 170410s1962 nyu d 000 0 eng c
035 ## - SYSTEM CONTROL NUMBER
System control number (BD-RjUL)69314
040 ## - CATALOGING SOURCE
Original cataloging agency DLC/ICU
Transcribing agency CGU
Modifying agency EQO
Language of cataloging eng
041 0# - LANGUAGE CODE
Language code of text/sound track or separate title engger
082 ## - DEWEY DECIMAL CLASSIFICATION NUMBER
Classification number 910.3
245 12 - TITLE STATEMENT
Title A German and English glossary of geographical terms /
Statement of responsibility, etc. British association for the advancement of science
260 ## - PUBLICATION, DISTRIBUTION, ETC. (IMPRINT)
Place of publication, distribution, etc. New York :
Name of publisher, distributor, etc. American Geographical Society,
Date of publication, distribution, etc. 1962
300 ## - PHYSICAL DESCRIPTION
Pagination vii, 539 p.
Size 21 cm
650 #0 - SUBJECT ADDED ENTRY--TOPICAL TERM
Topical term or geographic name as entry element Geography
Form subdivision Dictionaries
9 (RLIN) 161208
Topical term or geographic name as entry element Geography
Form subdivision Dictionaries
General subdivision German
9 (RLIN) 204718
Topical term or geographic name as entry element English language
Form subdivision Dictionaries
General subdivision German
9 (RLIN) 204719
Topical term or geographic name as entry element German language
Form subdivision Dictionaries
General subdivision English.
9 (RLIN) 116870
700 1# - ADDED ENTRY--PERSONAL NAME
Personal name Stamp, L. Dudley
Dates associated with a name 1909-
710 ## - ADDED ENTRY--CORPORATE NAME
Corporate name or jurisdiction name as entry element British association for the advancement of science
9 (RLIN) 204721
942 ## - ADDED ENTRY ELEMENTS (KOHA)
Source of classification or shelving scheme Dewey Decimal Classification
Koha item type Books
Holdings
Lost status Source of classification or shelving scheme Damaged status Not for loan Collection code Permanent Location Current Location Shelving location Date acquired Source of acquisition Cost, normal purchase price Total Checkouts Full call number Date last seen Copy number Koha item type
  Dewey Decimal Classification   Not For Loan Non-fiction Central Library, University of Rajshahi Central Library, University of Rajshahi Reading Room 22/11/1963 Euro pakistan 55.25   910.3 GLO 1962 10/04/2017 C-1 Books